01023 2200157 4500245005600000250001000056100001400066650001900080005001900099260002500118041001400143084000800157300002300165500066800188336000900856 aantalogi puisi b : Alunan CeritacDandelionhText aCet.1 aDandelion aAntologi Puisi a20250131095139 aJakartabUWAISc2024 aIndonesia a081 a60 hlm. . :c22 cm a" Dunia harus tau bahwa bertema denganmu adalah hal yang sangat aku syukuri, seolah dunia berhenti sejenak, hanya untuk kita berdua saling mencintai. Dalam pelukanmu, aku menemukan rumah Aku merasa aman dan terlindungi, kau adalah hal terindah yang diberikan Tuhan kepadaku, sebagai pujaan jiwa yang kelak akan menemani diriku sampai ujung waktu. Karenamu, sehingga tidak dapat hanya sebuah kata singkat yang aku uraikan, panjang nya doa yang telah aku rangkai di langit, hingga ku serahkan takdir kita berdua ke sang pencipta. Kau adalah hal yang selalu aku semogakan, menjadi yang terbaik untuk takdirku, kamu akan selalu abadi dalam kisahku yang tak berujung." atext